<?xml version="1.0" encoding="UTF-8"?>
<collection xmlns="http://www.loc.gov/MARC21/slim">
 <record>
  <leader>00736nab a2200205 i 4500</leader>
  <controlfield tag="001">acta63139</controlfield>
  <controlfield tag="005">20251217125741.0</controlfield>
  <controlfield tag="008">200130s2008    hu      o     000   rus d</controlfield>
  <datafield tag="022" ind1=" " ind2=" ">
   <subfield code="a">1586-0736</subfield>
  </datafield>
  <datafield tag="040" ind1=" " ind2=" ">
   <subfield code="a">SZTE Egyetemi Kiadványok Repozitórium</subfield>
   <subfield code="b">hun</subfield>
  </datafield>
  <datafield tag="041" ind1=" " ind2=" ">
   <subfield code="a">rus</subfield>
  </datafield>
  <datafield tag="100" ind1="1" ind2=" ">
   <subfield code="a">Petkâvičûs Ričardas</subfield>
  </datafield>
  <datafield tag="245" ind1="1" ind2="0">
   <subfield code="a">K etimologii slov </subfield>
   <subfield code="h">[elektronikus dokumentum] :</subfield>
   <subfield code="b">litovskoe &quot;lángas&quot; &quot;okno&quot; i venherskoe &quot;láng&quot; &quot;plamâ&quot; /</subfield>
   <subfield code="c"> Petkâvičûs Ričardas</subfield>
  </datafield>
  <datafield tag="260" ind1=" " ind2=" ">
   <subfield code="c">2008</subfield>
  </datafield>
  <datafield tag="300" ind1=" " ind2=" ">
   <subfield code="a">171-174</subfield>
  </datafield>
  <datafield tag="490" ind1="0" ind2=" ">
   <subfield code="a">Hungaro-Ruthenica</subfield>
   <subfield code="v">4</subfield>
  </datafield>
  <datafield tag="650" ind1=" " ind2="4">
   <subfield code="a">Bölcsészettudományok</subfield>
  </datafield>
  <datafield tag="650" ind1=" " ind2="4">
   <subfield code="a">Nyelvek és irodalom</subfield>
  </datafield>
  <datafield tag="695" ind1=" " ind2=" ">
   <subfield code="a">Etimológia, Nyelvészet</subfield>
  </datafield>
  <datafield tag="856" ind1="4" ind2="0">
   <subfield code="u">http://acta.bibl.u-szeged.hu/63139/1/hungaro_ruthenica_004_171-174.pdf</subfield>
   <subfield code="z">Dokumentum-elérés </subfield>
  </datafield>
 </record>
</collection>
